Eastern Utah Libraries Catalog: Duchesne, Heber, Roosevelt, & Vernal

Angelina Ballerina dresses up / (Record no. 355864)

MARC details
000 -LEADER
fixed length control field 01779cam a2200421 i 4500
001 - CONTROL NUMBER
control field sky302135749
003 - CONTROL NUMBER IDENTIFIER
control field SKY
005 - DATE AND TIME OF LATEST TRANSACTION
control field 20201119163610.0
008 - FIXED-LENGTH DATA ELEMENTS--GENERAL INFORMATION
fixed length control field 200210s2020 nyua j 000 1 eng d
020 ## - INTERNATIONAL STANDARD BOOK NUMBER
International Standard Book Number 9781646974184
Qualifying information (Penworthy)
020 ## - INTERNATIONAL STANDARD BOOK NUMBER
International Standard Book Number 1646974182
Qualifying information (Penworthy)
040 ## - CATALOGING SOURCE
Original cataloging agency YDX
Language of cataloging eng
Description conventions rda
Transcribing agency YDX
Modifying agency OCLCQ
-- SO$
-- MUJ
-- SKYRV
-- CoBoFLC
082 00 - DEWEY DECIMAL CLASSIFICATION NUMBER
Classification number E
092 ## - LOCALLY ASSIGNED DEWEY CALL NUMBER (OCLC)
Classification number E Holabird
100 1# - MAIN ENTRY--PERSONAL NAME
Personal name Holabird, Katharine,
Relator term author.
9 (RLIN) 18189
245 10 - TITLE STATEMENT
Title Angelina Ballerina dresses up /
Statement of responsibility, etc based on the stories by Katharine Holabird ; based on the illustrations by Helen Craig ; illustrations by Robert McPhillips.
264 #1 - Production, Publication, Distribution, Manufacture, and Copyright Notice.
Place of production, publication, distribution, manufacture New York :
Name of producer, publisher, distributor, manufacturer Simon Spotlight,
Date of production, publication, distribution, manufacture, or copyr ©2020.
300 ## - PHYSICAL DESCRIPTION
Extent 1 volume (unpaged) :
Other physical details color illustrations ;
Dimensions 21 cm.
336 ## - Content Type
Content type term text
336 ## - Content Type
Content type term still image
337 ## - Media type
Media type term unmediated
338 ## - Carrier type
Carrier type term volume
520 ## - SUMMARY, ETC.
Summary, etc "Angelina Ballerina loves playing dress-up almost as much as she loves ballet, so her grandparents help her make a dress-up box of her own!" -- Back cover.
600 01 - SUBJECT ADDED ENTRY--PERSONAL NAME
Personal name Angelina Ballerina
Titles and other words associated with a name (Fictitious character)
Form subdivision Juvenile fiction.
9 (RLIN) 5743611
650 #0 - SUBJECT ADDED ENTRY--TOPICAL TERM
Topical term or geographic name as entry element Mice
Form subdivision Fiction.
9 (RLIN) 6386879
650 #0 - SUBJECT ADDED ENTRY--TOPICAL TERM
Topical term or geographic name as entry element Ballet dancing
Form subdivision Fiction.
9 (RLIN) 5688891
650 #0 - SUBJECT ADDED ENTRY--TOPICAL TERM
Topical term or geographic name as entry element Clothing and dress
Form subdivision Fiction.
9 (RLIN) 5720095
650 #0 - SUBJECT ADDED ENTRY--TOPICAL TERM
Topical term or geographic name as entry element Play
Form subdivision Fiction.
9 (RLIN) 5674598
650 #1 - SUBJECT ADDED ENTRY--TOPICAL TERM
Topical term or geographic name as entry element Ballet dancing
Form subdivision Juvenile fiction.
9 (RLIN) 5694653
650 #1 - SUBJECT ADDED ENTRY--TOPICAL TERM
Topical term or geographic name as entry element Mice
Form subdivision Juvenile fiction.
9 (RLIN) 5676295
650 #1 - SUBJECT ADDED ENTRY--TOPICAL TERM
Topical term or geographic name as entry element Clothing and dress
Form subdivision Juvenile fiction.
9 (RLIN) 5707498
650 #1 - SUBJECT ADDED ENTRY--TOPICAL TERM
Topical term or geographic name as entry element Play
Form subdivision Juvenile fiction.
9 (RLIN) 5674595
655 #0 - INDEX TERM--GENRE/FORM
Genre/form data or focus term Picture books for children.
9 (RLIN) 6386880
700 1# - ADDED ENTRY--PERSONAL NAME
Personal name Craig, Helen,
Relator term illustrator.
9 (RLIN) 2292
700 1# - ADDED ENTRY--PERSONAL NAME
Personal name McPhillips, Robert,
Dates associated with a name 1971-
Relator term illustrator.
9 (RLIN) 6379770
907 ## - LOCAL DATA ELEMENT G, LDG (RLIN)
a .b438471404
942 ## - ADDED ENTRY ELEMENTS (KOHA)
Source of classification or shelving scheme Dewey Decimal Classification
Koha item type BOOK
Holdings
Withdrawn status Lost status Source of classification or shelving scheme Damaged status Not for loan Collection code Home library Current library Shelving location Date acquired Source of acquisition Total Checkouts Total Renewals Full call number Barcode Date last seen Date checked out Cost, replacement price Price effective from Koha item type Checked out
    Dewey Decimal Classification     Children Picture Books Wasatch County Library Wasatch County Library Main Floor Childrens Area 11/19/2020 Penworthy 28 17 E Holabird 34301001705757 03/09/2026 02/20/2026 16.96 11/19/2020 BOOK  
    Dewey Decimal Classification     Children Board Books Wasatch County Library Wasatch County Library Main Floor Childrens Area 10/31/2024 Donation 15 10 BB Holabird 34301002135822 03/04/2026 03/04/2026 6.50 10/31/2024 BOOK 04/30/2026
This project was made possible through a grant from the Institute of Museum and Library Service administered by the Utah State Library Division.

Wasatch County Library

  • 465 East 1200 South, Heber City, Utah 84032
  • Phone 435-654-1511 | Fax 435-654-6456

Hours

  • Monday - Friday 9:30 AM - 8:00 PM
  • Saturday 9:30 AM - 1:30 PM
  • Closed Sundays and Holidays